000 00604nam a2200157Ia 4500
008 151213s9999 xx 000 0 und d
100 _aফরিদউদ্দিন আত্তার
245 _aতাযকিরাতুল আওলিয়া
_cফরিদউদ্দিন আত্তার
250 _a১,২,৩ ( ং)
260 _aঢাকা
_bসিদ্দিকিয়া পাবলিকেশ¯œ
_c2004
300 _a10963 p.
650 _aBangla
650 _aইসলামী বই
700 _aফরিদউদ্দিন আত্তার
999 _c4935
_d4935